Ewing's analytical instrumentation handbook. (Record no. 329608)
[ view plain ]
| 000 -LEADER | |
|---|---|
| fixed length control field | 01509cam a2200325 a 4500 |
| 001 - CONTROL NUMBER | |
| control field | 13849865 |
| 003 - CONTROL NUMBER IDENTIFIER | |
| control field | NUST |
| 005 - DATE AND TIME OF LATEST TRANSACTION | |
| control field | 20170516113004.0 |
| 008 - FIXED-LENGTH DATA ELEMENTS--GENERAL INFORMATION | |
| fixed length control field | 050125s2005 nyua bf 001 0 eng |
| 010 ## - LIBRARY OF CONGRESS CONTROL NUMBER | |
| LC control number | 2005271109 |
| 020 ## - INTERNATIONAL STANDARD BOOK NUMBER | |
| International Standard Book Number | 0824753488 (acidfree paper) |
| 040 ## - CATALOGING SOURCE | |
| Original cataloging agency | DLC |
| Transcribing agency | DLC |
| Modifying agency | DLC |
| 050 00 - LIBRARY OF CONGRESS CALL NUMBER | |
| Classification number | QD79.I5 |
| Item number | A49 2005 |
| 082 00 - DEWEY DECIMAL CLASSIFICATION NUMBER | |
| Classification number | 543.19 CAZ |
| Edition number | 22 |
| 245 00 - TITLE STATEMENT | |
| Title | Ewing's analytical instrumentation handbook. |
| Statement of responsibility, etc. | [Edited] by Jack Cazes. |
| 246 30 - VARYING FORM OF TITLE | |
| Title proper/short title | Analytical instrumentation handbook |
| 250 ## - EDITION STATEMENT | |
| Edition statement | 3rd ed. / |
| Remainder of edition statement | edited by Jack Cazes. |
| 260 ## - PUBLICATION, DISTRIBUTION, ETC. | |
| Place of publication, distribution, etc. | New York : |
| Name of publisher, distributor, etc. | Marcel Dekker, |
| Date of publication, distribution, etc. | c2005. |
| 300 ## - PHYSICAL DESCRIPTION | |
| Extent | xxiv, 1037 p. : |
| Other physical details | ill. ; |
| Dimensions | 29 cm. |
| 500 ## - GENERAL NOTE | |
| General note | Rev. ed. of: Analytical instrumentation handbook / edited by Galen Wood Ewing. 2nd ed., rev. and expanded. c1997. |
| 501 ## - WITH NOTE | |
| With note | H.B |
| 504 ## - BIBLIOGRAPHY, ETC. NOTE | |
| Bibliography, etc. note | Includes bibliographical references and index. |
| 650 #0 - SUBJECT ADDED ENTRY--TOPICAL TERM | |
| Topical term or geographic name entry element | Instrumental analysis |
| Form subdivision | Handbooks, manuals, etc. |
| 9 (RLIN) | 820 |
| 650 #0 - SUBJECT ADDED ENTRY--TOPICAL TERM | |
| Topical term or geographic name entry element | Chemistry, Analytic |
| General subdivision | Instruments |
| Form subdivision | Handbooks, manuals, etc. |
| 9 (RLIN) | 821 |
| 700 1# - ADDED ENTRY--PERSONAL NAME | |
| Personal name | Cazes, Jack, |
| Dates associated with a name | 1934- |
| 9 (RLIN) | 822 |
| 700 1# - ADDED ENTRY--PERSONAL NAME | |
| Personal name | Ewing, Galen Wood, |
| Dates associated with a name | 1914- |
| 9 (RLIN) | 823 |
| 730 0# - ADDED ENTRY--UNIFORM TITLE | |
| Uniform title | Analytical instrumentation handbook. |
| 9 (RLIN) | 824 |
| 856 42 - ELECTRONIC LOCATION AND ACCESS | |
| Materials specified | Publisher description |
| Uniform Resource Identifier | <a href="http://www.loc.gov/catdir/enhancements/fy0647/2005271109-d.html">http://www.loc.gov/catdir/enhancements/fy0647/2005271109-d.html</a> |
| 906 ## - LOCAL DATA ELEMENT F, LDF (RLIN) | |
| a | 7 |
| b | cbc |
| c | origcop |
| d | 2 |
| e | ncip |
| f | 20 |
| g | y-gencatlg |
| 942 ## - ADDED ENTRY ELEMENTS (KOHA) | |
| Source of classification or shelving scheme | |
| Koha item type | Book |
| Call number prefix | 543.19 CAZ |
| Withdrawn status | Lost status | Source of classification or shelving scheme | Damaged status | Not for loan | Collection code | Permanent Location | Current Location | Shelving location | Date acquired | Total Checkouts | Full call number | Barcode | Date last seen | Price effective from | Koha item type |
|---|---|---|---|---|---|---|---|---|---|---|---|---|---|---|---|
| Institute of Environmental Science and Engineering (IESE) | Institute of Environmental Science and Engineering (IESE) | General Stacks | 05/16/2017 | 543.19 CAZ | IESE-1240 | 05/16/2017 | 05/16/2017 | Book |
